Statistics for Rainbow six siege Controls (ATTACKERS, XBOX)

Click here to take the quiz!

General Stats

  • This quiz has been taken 781 times
  • The average score is 10 of 20

Answer Stats

AttackersAnswer% Correct
left triggeraim
99%
right triggershoot
99%
move left stickmove
77%
left bumperability
71%
bcrouch
65%
click left stick (while moving)sprint
64%
down on the d padgo on drones
61%
xreload
57%
move right sticklook around
54%
hold bprone
54%
avault
54%
click right stickmelee
50%
left on dpadmark
44%
hold arappel
30%
ychange weapons
28%
right bumperspecial ability
14%
up on dpadfire rate
10%
click left stick (while aiming)peek left
9%
click right stick (while aiming)peek right
9%
right on dpadthrow new drone
1%

Score Distribution

Percentile by Number Answered

Percent of People with Each Score

Your Score History

You have not taken this quiz